American visions

Bibliographic Details
Corporate Author: Visions Foundation (Washington, D.C.)
Format: Electronic Journal
Language:English
Published: Washington, D.C. : American Visions Media
Subjects:
Online Access:Full text available from Research Library: 02/01/1995 to 08/31/2000

MARC

LEADER 00000nas a2200000 a 4500
001 ssj0011954
003 WaSeSS
005 20200512172242.0
006 m d
007 cr n
008 980213d19862000dcuuu pss 0 a0eng c
010 |a  2011236566 
016 7 |a 003275957  |2 IsJJNL 
016 7 |a 009829994  |2 Uk 
016 7 |a 2068743-6  |2 DE-600 
022 |y 0884-9390 
035 |a (WaSeSS)ssj0011954 
040 |a FGA  |b eng  |c FGA  |d OCL  |d OCLCQ  |d MUQ  |d OCLCQ  |d BUF  |d EQO  |d OCLCQ  |d UV0  |d OCLCQ  |d NOC  |d OCLCF  |d OCLCO  |d OCLCE  |d UKMGB  |d TXA  |d J9U  |d KQW  |d OCLCQ  |d VT2  |d UUM  |d WaSeSS 
042 |a pcc 
043 |a n-us--- 
050 1 4 |a E185.5  |b .A533 
070 0 |a E185.5.A5 
072 0 |a X800 
082 0 4 |a 973/.0496073/005  |2 20 
130 0 |a American visions (Online) 
245 1 0 |a American visions  |h [electronic resource]. 
260 |a Washington, D.C. :  |b American Visions Media 
362 1 |a Print began with vol. 1, no. 1 (Jan./Feb. 1986); ceased with v. 15, no. 5 (Nov./Dec. 2000). 
506 |a License restrictions may limit access. 
538 |a Master and use copy. Digital master created according to Benchmark for Faithful Digital Reproductions of Monographs and Serials, Version 1. Digital Library Federation, December 2002.  |u http://purl.oclc.org/DLF/benchrepro0212  |5 MiAaHDL 
538 |a Mode of access: World Wide Web. 
583 1 |a digitized  |c 2010  |h HathiTrust Digital Library  |l committed to preserve  |2 pda  |5 MiAaHDL 
588 |a Description based on: Vol. 10, issue 1 (Feb. 1995); title from available issues screen (viewed Feb. 12, 1998). 
588 |a Latest issue consulted: Vol. 15, no. 5 (Nov./Dec. 2000). 
650 0 |a African Americans  |v Periodicals. 
650 6 |a Noirs américains  |v Périodiques. 
650 7 |a African Americans.  |2 fast  |0 (OCoLC)fst00799558 
655 0 |a Electronic journals. 
710 2 |a Visions Foundation (Washington, D.C.) 
776 0 8 |i Print version:  |t American visions  |x 0884-9390  |w (DLC) 91655067  |w (OCoLC)12532797 
856 4 0 |z Full text available from Research Library: 02/01/1995 to 08/31/2000  |u https://search.proquest.com/publication/32600